LES GAULOIS

Wedi'i Gadw mewn:
Manylion Llyfryddiaeth
Prif Awdur: Pernoud, Régine (autor)
Fformat: Llyfr
Tagiau: Ychwanegu Tag
Dim Tagiau, Byddwch y cyntaf i dagio'r cofnod hwn!

MARC

LEADER 00000nam^a2200000^a^4500
001 000210325
005 20250521000000.0
009 20260310103349.359
035 |a 026865 
037 |a Acervo Xavier Clavigero 
082 |a 944. 1  |b PER 
100 |a Pernoud, Régine  |e (autor) 
245 1 4 |a LES GAULOIS 
264 |a PARIS :  |b DU SEUIL,  |c 1957 
336 |a texto  |b txt  |2 rdacontenido 
337 |a sin mediación  |b n  |2 rdamedio 
338 |a volumen  |b nc  |2 rdasoporte 
649 |a XX 
910 |a Fondo General 
920 |a Impresos - Libros 
930 |a Colección General 
905 |a 101 
901 |a 026865  |b IT1  |c ACC  |i 026865  |u 20250521 
901 |a 010955  |b IT1  |c ACC  |i 010955  |u 20250521 
902 |a https://opac.biblio.iteso.mx/vufind/Record/000210325